000 00267nam a2200097Ia 4500
008 120527s9999 xx 000 0 und d
100 _aKalilu,Rom R.O
245 _aCultism on the Nigerian campus:Perspective from art and history.
260 _bSOF and Co.
942 _cBK
999 _c20315
_d20315